INDIAN PHARMACOPOEIA-2014 ADDENDUM 2016 (Record no. 10076)

MARC details
000 -LEADER
fixed length control field 00380nam a22001457a 4500
003 - CONTROL NUMBER IDENTIFIER
control field SGT
020 ## - INTERNATIONAL STANDARD BOOK NUMBER
International Standard Book Number 978-93-81238-13-4
082 ## - DEWEY DECIMAL CLASSIFICATION NUMBER
Classification number 615
Item number I16M
100 ## - MAIN ENTRY--PERSONAL NAME
Personal name M.H.& F.W. GOVT. INDIA
245 ## - TITLE STATEMENT
Title INDIAN PHARMACOPOEIA-2014 ADDENDUM 2016
260 ## - PUBLICATION, DISTRIBUTION, ETC. (IMPRINT)
Place of publication, distribution, etc GHAZIABAD
Name of publisher, distributor, etc INDIAN PHARMACOPOEIA COMMISSION
Year of Publication 2016
300 ## - PAGE DESCRIPTION
No. of Pages 4426
650 ## - SUBJECT ADDED ENTRY--TOPICAL TERM
Topical term or geographic name as entry element INDIAN PHARMACOPOEIA
942 ## - ADDED ENTRY ELEMENTS (KOHA)
Source of classification or shelving scheme Dewey Decimal Classification
Koha item type Books
Holdings
Withdrawn status Lost status Source of classification or shelving scheme Damaged status Not for loan Collection code Home library Current library Shelving location Date acquired Vendor Name Cost, normal purchase price SGTU Bill Number Total Checkouts Full call number Accession No. (Barcode) Date last seen Bill Date Koha item type
    Dewey Decimal Classification     PHARMACY SGT FA-FP Library SGT FA-FP Library Reference Book 01/12/2016 AHUJA PUBLISHER 5000.00 SGTU 7477   615 I16M FP2007 01/12/2016 29/11/2016 Books